| 000 | 00515nam a22001697a 4500 | ||
|---|---|---|---|
| 005 | 20250325125104.0 | ||
| 008 | 250325b |||||||| |||| 00| 0 eng d | ||
| 020 | _a9781529751819 | ||
| 041 | _aEng. | ||
| 082 | _a344.404 SEE | ||
| 100 | _aSeedhouse, David | ||
| 245 | _aThe Case for Democracy in the COVID 19 Pandemic | ||
| 260 |
_aNew Dehli _bSage Publications Ltd _c2020 |
||
| 300 | _a168;. P. 23 cm | ||
| 650 | _aCOVID-19 (Disease)-Law and Legislation; COVID-19 Pandemic; Political Aspects | ||
| 942 | _cBK | ||
| 999 |
_c43385 _d43385 |
||